00805nam a2200229Ia 4500008004100000040001200041082002300053082001400076245008900090300001000179300000600189300001400195530001700209563001000226630008900236650001600325650001200341730008900353942000900442999002100451952010300472160525s9999||||xx |||||||||||||| ||und|| cEnglish aXIVD/Annual Report bBORI-7473 aAnnual Report of the Archaeological Department of his highness the Nizam's Dominions a72+xi cF ePaperback u00007473.pdf aStudy aAnnual Report of the Archaeological Department of his highness the Nizam's Dominions aArchaeology aReports aAnnual Report of the Archaeological Department of his highness the Nizam's Dominions cBOOK c1376155d1376152 00104070aBORIbBORId1937-09-22l0oBORI-7473pBORI-7473r2016-05-25 00:00:00w2016-05-25yBOOK